Tractatvs Theologicvs De Haeresi, Schismate Et Haereticorum Poenis Serenissimorvm Brvnsvic. Et Lvnebvrg. Dvcvm Academiae Jvliae Visitationi Anno MDCXC Solenniter celebrandae Consecratvs

Bibliographic Details
Main Author: Calixt, Friedrich Ulrich, 1622-1701 (Author)
Corporate Author: Hamm, Georg Wolfgang (Helmstadt, Nemecko) (Printer)
Format: Book
Language:Latin
PhysicalDescription:[26], 368, [6] strán 20 cm
Published: Helmstadi Saxonvm Excudit Georg-Wolfgangus Hammius, Acad. Typpogr. MDCXC [=1690]
Subjects:

MARC

LEADER 00000nam a2200000 a 4500
001 vtls011880861
003 SK-MaSNL
005 20260302023651.0
008 251112 1690 gw 000 0 lat
015 |a SNBHFA1690 
040 |a SNK  |b slo  |c SNK  |e AACR2 
041 0 |a lat 
044 |a gw  |c DE 
072 7 |a 2-1  |x Prirodzená teológia. Náboženská filozofia  |2 konspekt 
080 |a 2-1  |2 2011 
080 |a 14:2  |2 2011 
100 1 |a Calixt, Friedrich Ulrich,  |d 1622-1701  |4 aut  |9 359106 
245 1 |a Tractatvs Theologicvs De Haeresi, Schismate Et Haereticorum Poenis Serenissimorvm Brvnsvic. Et Lvnebvrg. Dvcvm Academiae Jvliae Visitationi Anno MDCXC Solenniter celebrandae Consecratvs  |c Per Frid. Vlricvm Calixtvm Acad. Juliae Sen. & S. Th. Prof. Prim. Consil. Ecclesiast. Guelphicum, Abbatem Regiae Lutterae 
260 |a Helmstadi Saxonvm  |b Excudit Georg-Wolfgangus Hammius, Acad. Typpogr.  |c MDCXC [=1690] 
300 |a [26], 368, [6] strán  |c 20 cm 
500 |a Rok vydania rímskymi číslicami 
501 |a Príväzok 9. k: CALIXT, Friedrich Ulrich. De Diversis Totivs Universi Religionibvs Dissertationes Academicae Quarum Ordinis indicum facit paginae facies tertia. Helmestadi Saxonum: Georgius Wolfgangus Hammius Academiae Juliae Typograph., Anno MDCLXXXIIX. [=1688]  |5 SNK IC 144712 
504 |a Poznámky vedľa textu 
508 |a Predslov 
510 4 |a VD17  |c 39:129013K 
561 |a Z knižnice Učenej spoločnosti malohontskej  |5 SNK IC 144712/prív.9 
650 0 7 |a teológia  |2 SNKPH  |9 1814 
650 0 7 |a náboženská filozofia  |2 SNKPH  |9 3774 
710 2 |a Učená spoločnosť malohontská  |4 fmo  |9 205374 
710 0 |a Hamm, Georg Wolfgang (Helmstadt, Nemecko),  |d 1681-1715  |4 prt  |9 359107 
752 |a Nemecko  |d Helmstadt 
852 |a snk  |b Historické fondy  |p IC 144712/prív.9 
958 |a DC 
999 |c 1037434  |d 1039364 
952 |t MHC XIX.,1333  |a SNK  |b SNK  |c SNK_HF  |y PREZ  |7 0  |p 17A1356351  |o snkIC 144712/prív.9  |i snk2019/20224  |8 5  |0 0  |1 0  |4 0  |d 2019-08-08  |l 0  |r 2026-02-24 14:13:37  |w 2026-02-24